000 01181nam0a2200289 4500
001 RU\NLR\bibl\1293476
005 20260406224618.0
035 _a(NLR Aleph) 001279130
090 _a487724
_c487724
100 _a20081111d1995 |||y0rusy50 ca
101 0 _arus
102 _aRU
105 _ay |||||||||
200 1 _aБезналичные и наличные расчеты в Российской Федерации
_fФирма "Приам"
210 _aМосква
_cПриам
_d1995
215 _a75 с.
_d22
606 1 _aБезналичные расчеты
_jНормативные документы
_yРоссийская Федерация
_92203308
_3RU\NLR\auth\661323897
606 1 _aКредитно-расчетные операции
_jНормативные документы
_yРоссийская Федерация
_92203310
_3RU\NLR\auth\661323898
686 _aУ26(2)232я8
686 _aУ26(2)251я8
686 _aХ623.212.31-39(2Р)21
712 0 2 _4570
_a"Приам", фирма
_cМосква
_3RU\NLR\AUTH\889980315
_9456890
801 0 _aRU
_bNLR
_c20081111
_gRCR
801 1 _aRU
_bNLR
_c20081111
942 _cBOOK
980 _aNB